000 00778nam a2200253Ia 4500
003 GCL
008 140319s9999 xx 000 0 ara d
040 _aGCL /
_cGCL
082 0 4 _a331.041
_bا ع
100 1 _aاحمد زكى بدوى
245 1 0 _aعلاقات العمل الجماعية /
_cاحمد زكى بدوى
260 _a[S.N] :
_bدار الكتاب المصرى ،
_c1989
300 _a275 ص
490 _a
650 0 4 _aالاقتصاد
650 0 4 _aالتنمية الاجتماعية
650 0 4 _aالعمل والعمال
650 0 4 _aالتنمية الاقتصادية
650 0 4 _aالاجتماع
650 0 4 _aادارة الافراد
650 0 4 _aالعلاقات الصناعية
650 0 4 _aالحوافز
942 _2ddc
_cBK
999 _c28206
_d28206